• 首页
  • 本馆介绍
  • 公告通知
  • 最新文献
  • 馆藏检索
  • 电子资源
  • 读者导购
  • 参考咨询
  • 我的图书馆
  • 登录
  • 详细信息显示
  • 放入我的书架
  • 预约/预借图书
  • 作者相关作品
  • 分类相关作品
  • 丛书相关作品
  • 出版社相关作品

书目信息

  • 表格格式
  • 工作单格式
  • 卡片格式
题名:
通信天线建模与MATLAB仿真分析
    
 
作者: 马卡洛夫 , Makarov 著 ;许献国 译
分册:  
出版信息: 北京   北京邮电大学出版社  2006
页数: 214页
开本: 23cm
丛书名:
单 册:
中图分类: TN82
科图分类:
主题词: 无线电通信--天线--系统建模 , 无线电通信 , 天线 , 系统建模
电子资源:
ISBN: 7-5635-1197-0
000 01108nam0 2200301 450
001 012007233061
005 20070517143314.17
010    @a7-5635-1197-0@dCNY29.00
100    @a20070428d2006 km y0chiy0120 ea
101 1  @achi@ceng
102    @aCN@b110000
105    @aa z 000yy
106    @ar
200 1  @a通信天线建模与MATLAB仿真分析@Atong xin tian xian jian mo yu MATLAB fang zhen fen xi@f(美)塞吉·N.马卡洛夫(Sergey N. Makarov)著@F(mei)sai ji·N.ma ka luo fu(Sergey N.Makarov)zhu@g许献国译@Gxu xian guo yi
210    @a北京@c北京邮电大学出版社@d2006
215    @a214页@c图@d23cm
330    @a本书介绍了天线的基本概念,采用基于RWG边界元的矩量法对天线和天线阵列进行电磁建模、仿真分析平面使用广为流行的Matlab。
510 1  @aAntenna and EM modeling with MATLAB@zeng
606 0  @a无线电通信@x天线@x系统建模
606 0  @a无线电通信
606 0  @a天线
606 0  @a系统建模
690    @aTN82@v4
701  1 @c(美)@a马卡洛夫@Ama ka luo fu@b塞吉·N@4著
701  1 @c(美)@aMakarov@bSergey N.@4著
702  0 @a许献国@Axu xian guo@4译
801  0 @aCN@bRULIN@c20070517
905    @dTN82@e14@s8
    
    通信天线建模与MATLAB仿真分析/(美)塞吉·N.马卡洛夫(Sergey N. Makarov)著/许献国译.-北京:北京邮电大学出版社,2006
    214页:图;23cm
    
    
    ISBN 7-5635-1197-0:CNY29.00
    本书介绍了天线的基本概念,采用基于RWG边界元的矩量法对天线和天线阵列进行电磁建模、仿真分析平面使用广为流行的Matlab。
●
相关链接 在E读中查询图书 在五车中查询图书 在当当中查询图书 在豆瓣中查询图书


正题名:通信天线建模与MATLAB仿真分析     索取号:TN82/14         预约/预借

序号 登录号 条形码 馆藏地/架位号 状态 备注
1 0575291   205752915   第二样本阅览室/ [索取号:TN82/14] 在馆    
2 0575292   205752924   第三借阅区/ [索取号:TN82/14] 在馆    
3 0575293   205752933   第三借阅区/ [索取号:TN82/14] 在馆    
4 0575294   205752942   第三借阅区/ [索取号:TN82/14] 在馆    
5 0575295   205752951   第三借阅区/ [索取号:TN82/14] 在馆    
6 0575296   205752960   第三借阅区/ [索取号:TN82/14] 在馆    
7 0575297   205752979   第三借阅区/ [索取号:TN82/14] 在馆    
8 0575298   205752988   第三借阅区/ [索取号:TN82/14] 在馆    
唐山师范学院图书馆 欢迎您!
大连网信软件有限公司© 版权所有